Modern wiring practice (Record no. 27094)

MARC details
000 -LEADER
fixed length control field 00335nam a2200145Ia 4500
082 ## - DEWEY DECIMAL CLASSIFICATION NUMBER
Classification number 621.3.049.73
Item number STE
100 ## - MAIN ENTRY--AUTHOR NAME
Personal name Steward, W E
245 #0 - TITLE STATEMENT
Title Modern wiring practice
250 ## - EDITION STATEMENT
Edition statement 8
260 ## - PUBLICATION, DISTRIBUTION, ETC. (IMPRINT)
Place of publication London
Name of publisher Newnes
Year of publication 1976
650 ## - SUBJECT ADDED ENTRY--TOPICAL TERM
Topical Term Wiring
700 ## - ADDED ENTRY--PERSONAL NAME
Personal name Watkins, J
942 ## - ADDED ENTRY ELEMENTS (KOHA)
Koha item type Books
Holdings
Withdrawn status Lost status Damaged status Not for loan Home library Current library Date acquired Cost, normal purchase price Full call number Accession Number Koha item type
        RRII Library RRII Library 16/12/2021 5.00 621.3.049.73 STE 07725 Books